000 00739nam a2200253Ia 4500
003 OSt
005 20220926011553.0
006 a|||||r|||| 00| 0
007 ta
008 220923b |||||||| |||| 00| 0 eng d
037 _cGeneral Book
040 _aRTL
_cRTL
_beng
041 _2eng
_aeng
082 _aY774.73.N7, L4
100 _aRamirez Muruel
_9314534
245 0 _aCultural democracy, bicognitive development and ed
260 _aNew York
_bAcademic
_c1974
300 _axiv, 189p
_ccm.
500 _aBibliography Chapterwise
650 _aRed Indians
700 _a astaneda Alfrodo
_9314535
942 _hY774.73.N7, L4
_cGB
_2CC
999 _c620494
_d620494